00333nam a2200133Ia 4500008004100000041000800041082001700049100001500066245005200081260001600133300000800149365001600157700002600173230718s9999 xx 000 0 und d aeng a346.056bBOS aBossidy L. aExecution The Discipline Of Getting Things Done c2002bCrown a278 cRs.b750.00 aBossidy L. & Charon R